000 00308nam a22001337a 4500
008 170922b xxu||||| |||| 00| 0 eng d
020 _a9780321838933
041 _aeng
080 _23RD
_a37
100 _a46
101 _aEDU
245 _aBASIC COLLEGE VOCABULARY STRATEGIES
_cPABIS,D.C
942 _2udc
_cBK
999 _c29281
_d29281